000 00592nam a22001937a 4500
005 20241224124334.0
010 _aENG-142260
020 _c425.00
_a9789393734945
035 _aEN-125792
037 _bExceller Books
037 _bDBAD
082 _a158.4
100 _aBusari, Wale
_975628
245 _aThe Prosperity:
_bWork Less, Think Hard Find Your Passion/
_cby Wale Busari
260 _aKolkata
_bExceller Books
_c2024
270 _aG1 Dream Apartment, Degree College Road
_b Belgharia,Kolkata
300 _a258p.
_c21cm(pb)
942 _2ddc
_cEN
_mBUS
_h158.4
999 _c207933
_d207933